000 01932nam a2200493 c 4500
001 1932375619
003 DE-627
005 20250930113119.0
007 cr uuu---uuuuu
008 250801s2023 xx |||||o 00| ||ger c
020 _a9783842093560
_cEPUB
024 7 _aurn:nbn:de:gbv:18-epflicht-13310
_2urn
035 _a(DE-627)1932375619
035 _a(DE-599)KEP117416347
035 _a(EPFHH)0fd4db8a-741d-46c1-935f-7820caaa085e
035 _a(EPFHH-TOKYOPOP)1041090364_9783842093560
035 _a(DE-627-1)117416347
040 _aDE-627
_bger
_cDE-627
_erda
041 _ager
_hjpn
072 7 _a9182
_2wsb
082 0 4 _a741.5
_qDE-576
245 0 0 _aCall of the Night, Band 07
_cKotoyama
264 1 _aHamburg
_bTOKYOPOP Verlag
_c2023
300 _a1 Online-Ressource (192 S.)
336 _aText
_btxt
_2rdacontent
337 _aComputermedien
_bc
_2rdamedia
338 _aOnline-Ressource
_bcr
_2rdacarrier
490 0 _aCall of the Night
_v7
520 _aKou und Nazuna erfahren von Kabura, wie diese zu einer Vampirin wurde. Dabei tun sich auch immer mehr Fragen zu Nazunas eigener Vergangenheit auf, an die sie sich nach wie vor selbst nicht erinnern kann. Kou vermutet, dass Kabura einst Nazuna zur Vampirin machte. Doch die Wahrheit ist viel komplizierter ...
583 1 _aArchivierung/Langzeitarchivierung gewährleistet
_fPEHH
_kDE-576
_2pdager
_5DE-18
650 4 _aMystery
650 4 _aRomance
650 4 _aSlice of Life
650 4 _aSupernatural
650 4 _aVampire
700 0 _aKotoyama
_eVerfasserIn
_4aut
776 1 _z9783842084698
776 1 _z9783842084698
776 0 8 _iErscheint auch als
_nDruck-Ausgabe
_z9783842084698
776 0 8 _iErscheint auch als
_nDruck-Ausgabe
_z9783842084698
856 4 0 _uhttps://nbn-resolving.org/urn:nbn:de:gbv:18-epflicht-13310
_mX:EPF
_qapplication/epub+zip
_zlizenzpflichtig
942 _2ddc
_cMGA
_n0
951 _aBO
999 _c1363
_d1363